Soul / R&B Artists by Picture (1950s-70s) - Statistics

General Stats
  • This quiz has been taken 111 times
  • The average score is 24 of 64
Answer Stats
Picture Answer % Correct
Aretha Franklin
96%
Marvin Gaye
96%
Jackson Five
87%
Stevie Wonder
87%
Ray Charles
84%
Diana Ross & Supremes
81%
Lionel Richie
79%
James Brown
76%
The Temptations
74%
Little Richard
73%
Otis Redding
71%
Sam Cooke
71%
Chuck Berry
69%
Ike & Tina Turner
60%
Bill Withers
59%
Smokey Robinson & the Miracles
59%
The Four Tops
57%
Nina Simone
56%
Donna Summer
54%
Al Green
51%
Gladys Knight and the Pips
50%
Dionne Warwick
49%
Earth Wind & Fire
49%
Barry White
47%
Isaac Hayes
44%
Curtis Mayfield
41%
Jackie Wilson
37%
Minnie Riperton
37%
Roberta Flack
36%
The Isley Brothers
34%
Sam & Dave
30%
The O'Jays
30%
Natalie Cole
29%
The Drifters
29%
Martha & the Vandellas
26%
Tammi Terrell
26%
The Fifth Dimension
26%
The Staple Singers
26%
Chubby Checker
24%
Billy Preston
23%
Lou Rawls
23%
Percy Sledge
23%
The Shirelles
21%
Aaron Neville
20%
Frankie Lymon & the Teenagers
20%
Mary Wells
20%
The Pointer Sisters
20%
Wilson Pickett
17%
Clyde McPhatter
13%
The Stylistics
13%
LaVern Baker
11%
Peaches & Herb
10%
Thelma Houston
10%
Louis Jordan
7%
Dobie Gray
6%
Jerry Butler
6%
Brook Benton
4%
Clarence Carter
4%
Freda Payne
4%
Joe Tex
4%
The Friends Of Distinction
4%
The Main Ingredient
4%
Tommy Edwards
4%
Freddie Scott
3%
No matching quizzes found
Score Distribution
Percent of People with Each Score
Percentile by Number Answered
Your Score History
You have not taken this quiz